| 000 | 01023nas a2200337 4500 | ||
|---|---|---|---|
| 001 | BR2012009235 | ||
| 003 | BR-BrBNA | ||
| 005 | 20231205121606.0 | ||
| 007 | ta | ||
| 008 | 230509b bl.|||p| |||| 00| 00por d | ||
| 040 |
_aBR-BrBNA _bpor _cBiblioteca Nacional de Agricultura |
||
| 041 | _a(Pt) | ||
| 072 | _aK50 | ||
| 100 | 1 | _aIwakiri, S. | |
| 100 | 1 | _aMatos, J.L.M. de | |
| 100 | 1 | _aTrianoski, R. | |
| 100 | 1 | _aPrata, J.G. | |
| 245 | 1 | _aProdução de painéis aglomerados homogêneos e multicamadas de Melia azedarach (Cinamomo)e Pinus taeda com diferentes teores de resina | |
| 650 | _aMELIA AZEDARACH | ||
| 650 | _aCINAMOMO | ||
| 650 | _aÁRVORE ORNAMENTAL | ||
| 650 | _aPINUS TAEDA | ||
| 650 | _aPINHEIRO | ||
| 650 | _aPAINEL DE MADEIRA | ||
| 650 | _aRESINA | ||
| 650 | _aQUALIDADE | ||
| 650 | _aPROPRIEDADE FÍSICO-QUÍMICA | ||
| 773 | 0 |
_tCerne (Brazil) _xISSN 0104-7760 _g(Jul-Sep 2012), v. 18(3) p. 465-470 _wBR2012009235 |
|
| 909 |
_a202311 _bLúcia _c55 _dLúcia Elande |
||
| 942 |
_2AGRIS _n0 _cANA |
||
| 999 |
_c224280 _d224280 |
||